| 000 | 00871nam a22002657a 4500 | ||
|---|---|---|---|
| 005 | 20240305165405.0 | ||
| 007 | cr|||| |||| | ||
| 008 | 130225e2012 mx |||||s|||| 00||0 spa d | ||
| 020 | _a978-607-7621-00-3 | ||
| 035 | _a7120 | ||
| 040 | _avLex | ||
| 090 |
_c3761 _d3761 |
||
| 100 | 1 | 0 | _aMathelín Leyva, Carlos R. |
| 245 | 1 | 0 |
_aEstudio del régimen fiscal de empresas constructoras _h[Recurso electrónico] |
| 256 | _aServicio en línea | ||
| 260 |
_aMéxico D.F. : _bInstituto Mexicano de Contadores Públicos, _c2012 |
||
| 300 | _a1 Recurso electrónico | ||
| 650 | 0 | 4 |
_aDerecho tributario _zMéxico |
| 650 | 0 | 4 |
_aAdministración (Management) _zMéxico |
| 650 | 0 | 4 |
_aConstrucción _zMéxico |
| 650 | 0 | 4 |
_aEmpresa _zMéxico |
| 740 | _avLex Libros (Servicio en línea) | ||
| 856 |
_aAcceso restringido _uhttp://www.vlex.com/source/7120 |
||
| 942 | _cRAA | ||
| 999 |
_c162143 _d162143 |
||